000 00343nam a2200145Ia 4500
008 240729s9999 xx 000 0 und d
022 _a2413-4155
245 0 _aSci
260 _aSwitzerland
260 _bMDPI AG
650 _aScience
856 _uhttps://doaj.org/toc/c0aeec796ad246819d41b091d7a3ac28
942 _2ddc
942 _cDOAJEJ
999 _c71612
_d71612
945 _a1
_bMadushi Gamage
_c1
_dMadushi Gamage